000 00674nam a2200229 a 4500
005 20240925064353.0
008 070221s2002 mx r 000 0 spa d
020 _a8482396803
035 _aUPN01000149455
049 _aCG
050 4 _aBF721
_bM3.7 2002
100 1 _aManso, Manoli
245 1 0 _aTus hijos de 4 a 5 años /
_cManoli Manso, Blanca Jordán de Urríes.
250 _a6a ed.
260 _aMadrid :
_bPalabra,
_c2002.
300 _a234 p.
440 0 _aHacer familia ;
_v23.
_pSerie B : educar por edades
650 4 _aNiño, Estudio del
_9221
650 4 _aEducación familiar
_97274
700 1 _aJordán de Urríes, Blanca,
_ecoaut.
905 _aLibro
999 _c121596
_d121596